000 00316nam a2200133Ia 4500
005 20251222155118.0
008 251222s9999||||xx |||||||||||||| ||spa||
082 _aMEQ. 75.7
100 _aGONZALES, M.A.
245 0 _aFundamentos de Medicina 7ma. Edición
250 _a5ta. ed.
264 _bCIB
942 _cLIB
999 _c38307
_d38307